000
00392nam a22001697a 4500
003
MPLRDC
005
20220104143434.0
008
210129b ||||| |||| 00| 0 eng d
020
_a
962-357-465-7
082
_a
411.12 HJL
100
_a
黄钧良著
245
_a
常见疾病功疗法
_c
260
_a
_b
明窗出版社
_c
1992
300
_b
平
650
_a
942
_c
BK
_o
411.12 HJL
999
_c
39916
_d
39906